Procedimiento tributario (Registro nro. 826)

Detalles MARC
000 -LEADER
fixed length control field 01565 a2200241 4500
001 - CONTROL NUMBER
control field 21582
005 - DATE AND TIME OF LATEST TRANSACTION
control field 20260407155506.0
008 - FIXED-LENGTH DATA ELEMENTS--GENERAL INFORMATION
fixed length control field 260407a2012 arg spa d
003 - CONTROL NUMBER IDENTIFIER
control field AR-UNSa-BCEJYS
040 ## - CATALOGING SOURCE
Original cataloging agency AR-UNSa-BCEJYS
Language of cataloging spa
Transcribing agency AR-UNSa-BCEJYS
080 ## - UNIVERSAL DECIMAL CLASSIFICATION NUMBER
Universal Decimal Classification number 336.225
Common auxiliary subdivision Método de tributación y administración de impuestos
020 ## - INTERNATIONAL STANDARD BOOK NUMBER
International Standard Book Number 978-987-01-1366-9
100 1# - MAIN ENTRY--PERSONAL NAME
Personal name D´Alessandro, Valeria P.
245 10 - TITLE STATEMENT
Title Procedimiento tributario
Name of part/section of a work teoría y práctica para el contribuyente
264 #1 - PRODUCTION, PUBLICATION, DISTRIBUTION, MANUFACTURE, AND COPYRIGHT NOTICE
Place of production, publication, distribution, manufacture Buenos Aires :
Name of producer, publisher, distributor, manufacturer Errepar
Date of production, publication, distribution, manufacture, or copyright notice 2012
300 ## - PHYSICAL DESCRIPTION
Extent xlvii, 1029 p.
Dimensions 22 cm.
505 ## - FORMATTED CONTENTS NOTE
Formatted contents note 1. Acción de repetición - 2. La competencia del Tribunal Fiscal de la Nación - 3. Acciones declarartivas en materia tributaria - 4. El litigio en el orden federal provincial y municipal. El problema del solve et repete - 5. Ejecuciones fiscales - 6. Créditos tributarios, compensación y correciones simetricas - 7. Prescripción en materia tributaria - 8. El régimen de presunciones y ficciones en el derecho tributario - 9. El principio de la realidad economica - 10. El valor de la contabilidad y la doctrina de los actos propios - 11. Omisión de impuestos - 12. Defraudación fiscal - 13. La sanción de clausura - 14. Responsabilidad de los directores de empresas - 15. Anticipos, agentes de retención y percepción.
590 ## - LOCAL NOTE (RLIN)
Local note niveau_biblio:m niveau_hierar:0
700 1# - ADDED ENTRY--PERSONAL NAME
Personal name Gotlib, Gabriel
700 1# - ADDED ENTRY--PERSONAL NAME
Personal name Mohadeb, Sergio
856 41 - ELECTRONIC LOCATION AND ACCESS
Uniform Resource Identifier <a href="https://biblioeco.unsa.edu.ar/pmb/images/libros/Procedimiento Tributario(Gotlib)2.jpg">https://biblioeco.unsa.edu.ar/pmb/images/libros/Procedimiento Tributario(Gotlib)2.jpg</a>
Link text Imagen de portada
Electronic format type image/jpeg
942 ## - ADDED ENTRY ELEMENTS (KOHA)
Koha item type
Existencias
Withdrawn status Lost status Damaged status Not for loan Home library Current library Shelving location Date acquired Total checkouts Full call number Barcode Date last seen Price effective from Koha item type
        Biblioteca Prof. Eusebio Cleto del Rey Biblioteca Prof. Eusebio Cleto del Rey   07/04/2026   P336.225 G683 L119431 07/04/2026 07/04/2026 Libro
        Biblioteca Prof. Eusebio Cleto del Rey Biblioteca Prof. Eusebio Cleto del Rey   07/04/2026   P336.225 G683 L125947 07/04/2026 07/04/2026 Libro
        Biblioteca Prof. Eusebio Cleto del Rey Biblioteca Prof. Eusebio Cleto del Rey   07/04/2026   P336.225 G683 L125948 07/04/2026 07/04/2026 Libro